Loading...
Advertising management
| Main Author: | |
|---|---|
| Format: | Printed Book |
| Published: |
Mumbai
Himalaya
2005
|
| Subjects: |
| LEADER | 00466nam a22001457a 4500 | ||
|---|---|---|---|
| 020 | |a 8183180515 | ||
| 082 | |a 659.1 |b RAT/A | ||
| 100 | |a Rathor, B.S | ||
| 245 | |a Advertising management | ||
| 260 | |a Mumbai |b Himalaya |c 2005 | ||
| 300 | |a 363p. | ||
| 650 | |a Advertising-Management | ||
| 942 | |c BK | ||
| 999 | |c 40712 |d 40712 | ||
| 952 | |0 0 |1 0 |4 0 |6 659_100000000000000_RATA |7 0 |8 Stack |9 43795 |a KUCL |b KUCL |c Stack |d 2016-07-20 |g 175.00 |l 1 |o 659.1 RAT/A |p 41970 |r 2019-07-04 |s 2019-06-17 |w 2016-07-20 |y BK | ||